| 000 | 01016cam a2200325 i 4500 | ||
|---|---|---|---|
| 999 |
_c20553 _d8479 |
||
| 001 | 20553 | ||
| 003 | TR-AnTOB | ||
| 005 | 20240424164346.0 | ||
| 007 | ta | ||
| 008 | 041102s1994 tu b 000 0 tur d | ||
| 020 | _a9751606241 | ||
| 035 | _a20553 | ||
| 040 |
_aTR-AnTOB _beng _erda _cTR-AnTOB |
||
| 041 | 0 | _atur | |
| 050 |
_aHC492 _b.E43 1994 |
||
| 090 |
_aHC492 _b.E43 1994 |
||
| 100 | 1 |
_aEldem, Vedat _eauthor _910535 |
|
| 245 | 1 | 0 |
_aOsmanlı İmparatorluğu'nun iktisadi şartları hakkında bir tetkik / _cVedat Eldem. |
| 264 | 1 |
_aAnkara : _bAtatürk Kültür, Dil ve Tarih Yüksek Kurumu Türk Tarih Kurumu, _c1994. |
|
| 300 |
_ax, 258 pages : _bmaps ; _c24 cm |
||
| 336 |
_2rdacontent _atext _btxt |
||
| 337 |
_2rdamedia _aunmediated _bn |
||
| 338 |
_2rdacarrier _avolume _bnc |
||
| 490 | 0 | _aAtatürk Kültür, Dil ve Tarih Yüksek Kurumu Türk Tarih Kurumu Yayınları ; | |
| 504 | _aBIB | ||
| 651 |
_aTürkiye _xEkonomik durum _xTarih _913344 |
||
| 902 | _a0005694 | ||
| 942 |
_2lcc _cBK |
||